The semantic turn : (Record no. 353838)

000 -LEADER
fixed length control field 01181cam a22003134a 4500
001 - CONTROL NUMBER
control field 14023458
003 - CONTROL NUMBER IDENTIFIER
control field OSt
005 - DATE AND TIME OF LATEST TRANSACTION
control field 20180116192419.0
008 - FIXED-LENGTH DATA ELEMENTS--GENERAL INFORMATION
fixed length control field 050701s2006 flua b 001 0 eng
010 ## - LIBRARY OF CONGRESS CONTROL NUMBER
LC control number 2005051077
020 ## - INTERNATIONAL STANDARD BOOK NUMBER
International Standard Book Number 0415322200 (hardcover : alk. paper)
020 ## - INTERNATIONAL STANDARD BOOK NUMBER
International Standard Book Number 9780415322201
035 ## - SYSTEM CONTROL NUMBER
System control number (OCoLC)ocm60839475
040 ## - CATALOGING SOURCE
Original cataloging agency DLC
Transcribing agency DLC
Modifying agency BAKER
-- C#P
-- DLC
042 ## - AUTHENTICATION CODE
Authentication code pcc
050 00 - LIBRARY OF CONGRESS CALL NUMBER
Classification number NK1505
Item number .K755 2006
082 00 - DEWEY DECIMAL CLASSIFICATION NUMBER
Classification number 745.4
Edition number 22
100 1# - MAIN ENTRY--PERSONAL NAME
Personal name Krippendorff, Klaus.
9 (RLIN) 7112
245 14 - TITLE STATEMENT
Title The semantic turn :
Remainder of title a new foundation for design /
Statement of responsibility, etc. Klaus Krippendorff.
260 ## - PUBLICATION, DISTRIBUTION, ETC.
Place of publication, distribution, etc. Boca Raton :
Name of publisher, distributor, etc. CRC/Taylor & Francis,
Date of publication, distribution, etc. 2006.
300 ## - PHYSICAL DESCRIPTION
Extent 349 p. :
Other physical details ill. ;
Dimensions 25 cm.
504 ## - BIBLIOGRAPHY, ETC. NOTE
Bibliography, etc. note Includes bibliographical references (p. 323-334) and index.
650 #0 - SUBJECT ADDED ENTRY--TOPICAL TERM
Topical term or geographic name entry element Design
General subdivision Philosophy.
9 (RLIN) 7113
650 #0 - SUBJECT ADDED ENTRY--TOPICAL TERM
Topical term or geographic name entry element Industrial design
General subdivision Social aspects.
9 (RLIN) 7114
856 42 - ELECTRONIC LOCATION AND ACCESS
Materials specified Publisher description
Uniform Resource Identifier <a href="http://www.loc.gov/catdir/enhancements/fy0647/2005051077-d.html">http://www.loc.gov/catdir/enhancements/fy0647/2005051077-d.html</a>
906 ## - LOCAL DATA ELEMENT F, LDF (RLIN)
a 7
b cbc
c orignew
d 1
e ocip
f 20
g y-gencatlg
942 ## - ADDED ENTRY ELEMENTS (KOHA)
Source of classification or shelving scheme
Koha item type Book
Holdings
Withdrawn status Lost status Source of classification or shelving scheme Damaged status Not for loan Permanent Location Current Location Date acquired Total Checkouts Total Renewals Full call number Barcode Date last seen Date last checked out Cost, replacement price Price effective from Koha item type
          School of Art Design and Architecture (SADA) School of Art Design and Architecture (SADA) 11/26/2013 3 1 745.4 KRI 2006 SADA0002165 03/28/2014 03/05/2014 8857.76 11/26/2013 Book
© 2023 Central Library, National University of Sciences and Technology. All Rights Reserved.